000 00507nam a2200181Ia 4500
003 OSt
005 20200212132941.0
008 190216s9999||||xx |||||||||||||| ||und||
040 _coclc
082 _a954
_bRAS/S
100 _aRasheed, M
_91938
245 0 _aSwathanthrya Samarathile Muslim Nayakar /
_cM Rasheed
250 _a2nd ed.
260 _bYuvatha Book House,
_c2011.
_aCalicut:
300 _a67p
650 _xIslamic History
942 _cBK
_2ddc
_h954
_iRAS/S
_k954
_mRAS/S
999 _c22954
_d22954